Szczegóły MARC21

Percepcja powodzenia małżeństwa rodziców a społeczny obraz siebie ich dorosłych dzieci /

003 -Nazwa inst., której nr kontr. jest w polu 001 [,]
    • @
    • Nazwa instytucji, której n kontrolny jest w polu 001
    • NUKAT
005 -DATA I CZAS OSTATNIEJ MODYFIKACJI [,]
    • @
    • pole kontrolne
    • 20241231101925.0
020 -Międzynarod. znormalizowany nr książki - ISBN [ , ]
    • a
    • Numer ISBN
    • 8387703672 Find
040 -Instytucja sporządzająca opis [ , ]
    • a
    • Instytucja, która sporządziła opis (NP)
    • Ł U/GS
    • c
    • Instytucja, która sporządziła rekord (NP)
    • Ł U/GS
    • d
    • Instytucja, która zmodyfikowała rekord (P)
    • Ł U/GS
    • d
    • Instytucja, która zmodyfikowała rekord (P)
    • Ł U/MRs
    • d
    • Instytucja, która zmodyfikowała rekord (P)
    • WA 732/EP
041 -Język dokumentu [0, ]
    • a
    • Język tekstu (P)
    • polski
    • b
    • Język streszczeń lub abstraktu (P)
    • angielski
942 -Rodzaj dokumentu [ , ]
    • c
    • Rodzaj dokumentu
    • Książka
100 -Hasło główne - nazwa osobowa [1, ]
    • a
    • Nazwa osobowa (NP)
    • Gałkowska, Agnieszka.
    • 9
    • KHW
    • 714551
245 -Strefa tytułu i oznaczenia odpowiedzialności [1,0]
    • a
    • Tytuł
    • Percepcja powodzenia małżeństwa rodziców a społeczny obraz siebie ich dorosłych dzieci / Find
    • c
    • Pozostałe elementy strefy tytułu i oznaczenia odpowiedzialności (NP)
    • Agnieszka Gałkowska.
260 -Strefa adresu wydawniczego [ , ]
    • a
    • Miejsce wydania (P)
    • Lublin :
    • b
    • Nazwa wydawcy (P)
    • Towarzystwo Naukowe Katolickiego Uniwersytetu Lubelskiego,
    • c
    • Data wydania (P)
    • 1999.
300 -Strefa opisu fizycznego [ , ]
    • a
    • Określenie formy książki i/lub objętość (NP)
    • 223 s. :
    • b
    • Oznaczenie ilustracji (NP)
    • il. ;
    • c
    • Format (NP)
    • 24 cm.
336 -Typ zawartości [ , ]
    • a
    • Termin opisujący typ zawartości
    • Tekst
    • b
    • Kod określający zawartość
    • txt
    • 2
    • Źródło (terminu i kodu)
    • rdacontent
337 -Typ mediów [ , ]
    • a
    • Tryb odtwarzania
    • Bez urządzenia pośredniczącego
    • b
    • Kod typu mediów
    • n
    • 2
    • Źródło (terminu i kodu)
    • rdamedia
338 -Typ/rodzaj nośnika [ , ]
    • a
    • Hasło opisujące typ nośnika
    • Wolumin
    • b
    • Kod typu nośnika
    • nc
    • 2
    • Źródło (terminu i kodu)
    • rdacarrier
490 -Strefa serii i książki wielotomowej - forma nie do wyszukiwania [1, ]
    • a
    • Tytuł (P)
    • Prace Wydziału Nauk Społecznych / Towarzystwo Naukowe Katolickiego Uniwersytetu Lubelskiego ; Find
    • v
    • Numeracja (P)
    • 55
830 -Hasło dodatkowe serii i opisu książki wielotomowej - tytuł ujednolicony/tytuł [ ,0]
    • a
    • Tytuł ujednolicony/tytuł (NP)
    • Prace Wydziału Nauk Społecznych - Towarzystwo Naukowe Katolickiego Uniwersytetu Lubelskiego
    • x
    • ISSN
    • 0239-8877
    • v
    • Oznaczenie tomu (NP)
    • 55
    • 9
    • KHW
    • 9023
504 -Uwaga dot. bibliogr. załącznikowej [ , ]
    • a
    • Uwaga dot. bibliografii załącznikowej
    • Bibliogr. s. 205-217.
546 -Uwaga dot. języka [ , ]
    • a
    • Uwaga dot. języka
    • Streszcz. ang.
080 -Uniwersalna Klasyfikacja Dziesiętna [ , ]
    • a
    • Symbol klasyfikacji
    • 316.356.2
080 -Uniwersalna Klasyfikacja Dziesiętna [ , ]
    • a
    • Symbol klasyfikacji
    • :159.9-058.033
080 -Uniwersalna Klasyfikacja Dziesiętna [ , ]
    • a
    • Symbol klasyfikacji
    • :316.47
080 -Uniwersalna Klasyfikacja Dziesiętna [ , ]
    • a
    • Symbol klasyfikacji
    • :37.018.1
650 -Hasło przedmiotowe [ ,7]
    • a
    • Hasło przedmiotowe
    • Ja (psychologia).
    • 2
    • Źródło terminu
    • kaba
    • 9
    • KHW
    • 112560
650 -Hasło przedmiotowe [ ,7]
    • a
    • Hasło przedmiotowe
    • Małżeństwo
    • x
    • Określnik rzeczowy
    • aspekt psychologiczny.
    • 2
    • Źródło terminu
    • kaba
    • 9
    • KHW
    • 349714
650 -Hasło przedmiotowe [ ,7]
    • a
    • Hasło przedmiotowe
    • Rodzice i dzieci.
    • 2
    • Źródło terminu
    • kaba
    • 9
    • KHW
    • 127963
650 -Hasło przedmiotowe [ ,7]
    • a
    • Hasło przedmiotowe
    • Rodzina
    • x
    • Określnik rzeczowy
    • aspekt psychologiczny.
    • 2
    • Źródło terminu
    • kaba
    • 9
    • KHW
    • 127969
980 -Symbol UKD [ , ]
    • a
    • UKD
    • 316.356.2:159.9-058.033:316.47:37.018.1
710 -Hasło dodatkowe - nazwa ciała zbiorowego [2, ]
    • a
    • Nazwa ciała zbiorowego lub nazwa geograficzna jako pierwszy element (NP)
    • Towarzystwo Naukowe Katolickiego Uniwersytetu Lubelskiego.
    • 4
    • Kod relacji
    • pbl
    • 9
    • KHW
    • 9156
856 -Dostęp do wersji elektronicznej [4,1]
    • 3
    • Wyszczególnienie materiału
    • Spis treści
920 -ISBN [ , ]
    • a
    • ISBN
    • 83-87703-67-2 Find
Lokalizacja Data inwentaryzacji Status udost. Numer inwentarzowy
BG2001-09-031Pd.14091